Atlas of video-EEG monitoring

Offers an overview of quality in general, the reasons for improving practice, and actual day-to-day changes and approaches that positively impacts the patient.

Na minha lista:
Detalhes bibliográficos
Autor principal: Sirven, Joseph I.
Formato: Livro
Idioma:Undetermined
Publicado em: New York McGraw-Hill Medical 2011
Assuntos:
Tags: Adicionar Tag
Sem tags, seja o primeiro a adicionar uma tag!
Thư viện lưu trữ: Trung tâm Học liệu Trường Đại học Cần Thơ
LEADER 00691nam a2200193Ia 4500
001 CTU_187251
008 210402s9999 xx 000 0 und d
082 |a 616.8 
082 |b S621 
100 |a Sirven, Joseph I. 
245 0 |a Atlas of video-EEG monitoring 
245 0 |c Joseph I. Sirven, John M. Stern 
260 |a New York 
260 |b McGraw-Hill Medical 
260 |c 2011 
520 |a Offers an overview of quality in general, the reasons for improving practice, and actual day-to-day changes and approaches that positively impacts the patient. 
650 |a Electroencephalography,Điện não 
904 |i Giang 
980 |a Trung tâm Học liệu Trường Đại học Cần Thơ